000
00300nam a2200133Ia 4500
100
_a
Garmus/ David/ Herron/ D
942
_c
BK
654
_a
computer
245
_a
Measuring the Software process
260
_b
Yourdon Press
_c
1996
082
_a
5.14
_b
GAR/HER
546
_a
ENGLISH
999
_c
29462
_d
29462